00317nam a2200121Ia 4500008004100000041000800041082001100049100003100060245005000091260003100141300000800172650001500180231219s9999 xx 000 0 und d aeng a336.27 aSingavi Vijay/ Chopde L.N. aDirect and Indirect taxes (vol-1) A.Y.2009-10 bSheth Pubs Pvt Ltd,Mumbai  a550 aManagement